Normal view
MARC view
- Compaings - Eastern Font
Entry Topical Term
001 - CONTROL NUMBER
- control field: 49098
003 - CONTROL NUMBER IDENTIFIER
- control field: NUST
005 - DATE AND TIME OF LATEST TRANSACTION
- control field: 20210314134241.0
008 - FIXED-LENGTH DATA ELEMENTS
- fixed length control field: 210314|| aca||aabn | a|a d
040 ## - CATALOGING SOURCE
- Original cataloging agency: NUST
- Transcribing agency: NUST
150 ## - HEADING--TOPICAL TERM
- Topical term or geographic name entry element: Compaings - Eastern Font
670 ## - SOURCE DATA FOUND
- Source citation: Work cat.: (NUST): Carell, Paul. 18975, Scorched Earth : Hitler`s War on Russia., 1980.
